00497nam a2200121Ia 4500082001200000100002500012245009700037260003800134300002100172650005400193650010600247710002200353 aTR.0179 aRaj, Christopher Sam 0aU.S. executive, congress, and the issue of American troop levels in Western Europe 1950-1968 c1977bJawaharlal Nehru University a448p. + C D - 52 aUNITED STATES - MILITARY RELATIONS - EUROPE, WEST aEUROPE, WEST - MILITARY RELATIONS - UNITED STATES//UNITED STATES - MILITARY RELATIONS - EUROPE, WEST  aShrivastava, B.K.